Digital displacement (Record no. 115334)
[ view plain ]
| 000 -LEADER | |
|---|---|
| fixed length control field | 01382cad a22002415a 4500 |
| 001 - CONTROL NUMBER | |
| control field | L158481 |
| 008 - FIXED-LENGTH DATA ELEMENTS--GENERAL INFORMATION | |
| fixed length control field | 120817s2013 xxk 000 0 eng d |
| 035 ## - SYSTEM CONTROL NUMBER | |
| System control number | (Sirsi) u158481 |
| 041 0# - LANGUAGE CODE | |
| Language code of text/sound track or separate title | eng |
| 110 1# - MAIN ENTRY--CORPORATE NAME | |
| Corporate name or jurisdiction name as entry element | Deutsche Asset and Wealth Management |
| 245 00 - TITLE STATEMENT | |
| Title | Digital displacement |
| Remainder of title | How e-commerce and e-products are transforming the retail landscape |
| Medium | [electronic resource] |
| 260 ## - PUBLICATION, DISTRIBUTION, ETC. | |
| Place of publication, distribution, etc. | [S.l.] |
| Name of publisher, distributor, etc. | Deutsche Asset and Wealth Management |
| -- | 2013 |
| 490 #0 - SERIES STATEMENT | |
| Series statement | Research Report |
| 520 ## - SUMMARY, ETC. | |
| Summary, etc. | The digital challenge to bricks and mortar stores goes well beyond just sales migration to online retailers of goods formerly sold in stores. The added and growing threat is the replacement of physical products with virtual goods and services - many provided free to end consumers. Even with economic recovery, less retail space will be needed, and the mix of tenants will swing more toward services over goods. Investors should be especially selective in buying and holding retail property to avoid commodity space most vulnerable to e-commerce competition. |
| 590 ## - LOCAL NOTE (RLIN) | |
| Local note | KA NTK |
| 650 24 - SUBJECT ADDED ENTRY--TOPICAL TERM | |
| Topical term or geographic name entry element | E-COMMERCE |
| 650 24 - SUBJECT ADDED ENTRY--TOPICAL TERM | |
| Topical term or geographic name entry element | RETAIL SECTOR |
| 651 #4 - SUBJECT ADDED ENTRY--GEOGRAPHIC NAME | |
| Geographic name | United Kingdom |
| 690 ## - LOCAL SUBJECT ADDED ENTRY--TOPICAL TERM (OCLC, RLIN) | |
| Topical term or geographic name as entry element | Commercial property |
| 9 (RLIN) | 6227 |
| 710 1# - ADDED ENTRY--CORPORATE NAME | |
| Corporate name or jurisdiction name as entry element | RREEF Real Estate |
| 9 (RLIN) | 6033 |
| 856 40 - ELECTRONIC LOCATION AND ACCESS | |
| Uniform Resource Identifier | <a href="https://realestate.deutscheawm.com/research/research_6902.jsp">https://realestate.deutscheawm.com/research/research_6902.jsp</a> |
| Public note | View the report at http://realestate.deutscheawm.com |
| 942 ## - ADDED ENTRY ELEMENTS (KOHA) | |
| Suppress in OPAC | 0 |
| Withdrawn status | Lost status | Source of classification or shelving scheme | Damaged status | Not for loan | Home library | Current library | Shelving location | Date acquired | Total Checkouts | Full call number | Barcode | Date last seen | Copy number | Price effective from | Koha item type |
|---|---|---|---|---|---|---|---|---|---|---|---|---|---|---|---|
| Dewey Decimal Classification | Virtual | Virtual | Online | 17/03/2015 | ONLINE PUBLICATION | 158481-2001 | 06/08/2019 | 1 | 06/08/2019 | Book |